Hazbin Hotel - Gravity Lyrics (No yellow box) - Statistics

General Stats
  • This quiz has been taken 122 times
  • The average score is 189 of 239
Answer Stats
Answer % Correct
do
100%
a
98%
go
98%
i
98%
no
98%
the
98%
for
96%
an
95%
to
95%
you
95%
and
93%
clouds
93%
gravity
93%
know
93%
on
93%
then
93%
who
93%
comin
91%
forgive
91%
what
91%
can
89%
forget
89%
is
89%
like
89%
princess
89%
see
89%
storm's
89%
with
89%
it
88%
let
88%
one
88%
save
88%
she
88%
dealin
86%
did
86%
does
86%
now
86%
too
86%
day
84%
down
84%
me
84%
that
84%
think
84%
fall
82%
gonna
82%
pay
82%
they
82%
in
81%
my/your
81%
there
81%
away
79%
rain
79%
took
79%
eye
77%
has
77%
my
77%
only
77%
burn
75%
but
75%
could
75%
hard
75%
mission's
75%
they're
75%
all
74%
get
74%
hands
74%
incomplete
74%
rage
74%
terminal
74%
there's
74%
i'll
72%
need
72%
still
72%
got
68%
return
68%
wet
68%
when
68%
completed
67%
consider
67%
favor
67%
owe
67%
says
67%
debt
65%
great
65%
peace
65%
remedy
65%
savior
65%
traitor
65%
hell's
63%
job
63%
making
63%
yeah
63%
you're
63%
'em
61%
this
61%
tragedy
61%
bet
60%
blood
60%
will
60%
ever
58%
take
58%
soul
54%
heated
53%
watch
53%
bleed
51%
make
51%
her
49%
little
49%
runnin's
49%
demands
47%
needed
47%
understand
47%
who's
47%
you'll
47%
maybe
46%
why
46%
how
44%
were
44%
flood's
40%
wishin
40%
couldn't
39%
thinkin
33%
break
28%
No matching quizzes found
Score Distribution
Percent of People with Each Score
Percentile by Number Answered
Your Score History
You have not taken this quiz